000 00438cam a2200169ua 4500
020 _c2.80
041 _amal
_h
082 _a894.812301
_bKUT/GO
100 _aKuttikrishnan, P.C .
245 _aGopalan nairute thadi /
_cP.C.Kuttikrishnan.
_hTextual Documents
260 _aCalicut :
_bNavakerala Co-operative publishing ,
_c1963.
300 _a180 ; .
365 _a2.80
504 _a
942 _cBK
999 _c12011
_d12011